• 首页
  • 本馆介绍
  • 公告通知
  • 最新文献
  • 馆藏检索
  • 电子资源
  • 读者导购
  • 参考咨询
  • 我的图书馆
  • 登录
  • 详细信息显示
  • 放入我的书架
  • 预约/预借图书
  • 作者相关作品
  • 分类相关作品
  • 丛书相关作品
  • 出版社相关作品

书目信息

  • 表格格式
  • 工作单格式
  • 卡片格式
题名:
苏州园林
    
 
作者: 郑旺全 , 韦林 主编 ;人民教育出版社 , 圣智学习公司 编著
分册:  
出版信息: 北京   人民教育出版社  2022
页数: 24页
开本: 24cm
丛书名: 中国读本丛书
单 册:
中图分类: H319.4 , K92
科图分类:
主题词: 英语--语言读物 , 中国--概况
电子资源:
ISBN: 978-7-107-36533-1
000 01193nam 2200325 450
001 012024000059
005 20240924225023.0
010    @a978-7-107-36533-1@dCNY19.90
100    @a20240924d2022 cd y0chiy50 ea
101 1  @aeng@achi
102    @aCN@b110000
105    @aa z 000yy
106    @ar
200 1  @a苏州园林@Asu zhou yuan lin@e英文@dClassical gardens of Suzhou@f郑旺全,Robert Waring主编@g人民教育出版社,(美国)圣智学习公司编著@zeng
210    @a北京@c人民教育出版社@d2022@h2023重印
215    @a24页@c图@d24cm
225 2  @a中国读本丛书@h第一辑@e智慧与信仰
330    @a苏州园林是中国古代建筑成就的代表。除了精妙的审美旨趣,园林设计理念中还体现了人与自然和谐相处的中国哲思。
410  0 @12001 @a中国读本丛书
510 1  @aClassical gardens of Suzhou@zeng
606 0  @a英语@j语言读物
606 0  @a中国@x概况
690    @aH319.4@v5
690    @aK92@v5
701  0 @a郑旺全@Azheng wang quan@4主编
701  1 @a韦林@Awei lin@gWaring, Robert@4主编
712 02 @a人民教育出版社@Aren min jiao yu chu ban she@4编著
712 02 @c(美国)@a圣智学习公司@Asheng zhi xue xi gong si@4编著
801  0 @aCN@bAHXH@c20240924
905    @b214131811@b214131820@dH319.4@e2297@f2
    
    苏州园林:英文=Classical gardens of Suzhou/郑旺全,Robert Waring主编/人民教育出版社,(美国)圣智学习公司编著.-北京:人民教育出版社,2022(2023重印)
    24页:图;24cm.-(中国读本丛书.第一辑:智慧与信仰)
    
    
    ISBN 978-7-107-36533-1:CNY19.90
    苏州园林是中国古代建筑成就的代表。除了精妙的审美旨趣,园林设计理念中还体现了人与自然和谐相处的中国哲思。
●
相关链接 在E读中查询图书 在五车中查询图书 在当当中查询图书 在豆瓣中查询图书


正题名:苏州园林     索取号:H319.4/2297         预约/预借

序号 登录号 条形码 馆藏地/架位号 状态 备注
1 1413181   214131811   第二样本阅览室/ [索取号:H319.4/2297] 在馆    
2 1413182   214131820   第四借阅区/ [索取号:H319.4/2297] 在馆    
唐山师范学院图书馆 欢迎您!
大连网信软件有限公司© 版权所有